00744nam a22002177a 450000500170000000800410001702000390005802000150009704000180011205000240013008200160015424500850017025000120025526000530026730000340032044000400035450400510039465000210044570000400046670000200050620230606134357.0230606b |||||||| |||| 00| 0 eng d a0080361528 (pbk.) :c$36.00 (U.S.) a008036151X aDLCcDLCdDLC00aSF760.A54bP73 199100a636.08922000aPractical animal handling /cedited by Ronald S. Anderson and Andrew T.B. Edney. a1st ed. aOxford [England] ;aNew York :bPergamon,c1991. axii, 198 p. :bill. ;c25 cm. 0aPergamon veterinary handbook series aIncludes bibliographical references and index. 0aAnimal handling.1 aAnderson, Ronald S.q(Ronald Shand)1 aEdney, A. T. B.